| 000 | 00439nam a2200169 a 4500 | ||
|---|---|---|---|
| 005 | 20140414132134.0 | ||
| 008 | 131113s19uu xx 00 eng d | ||
| 020 | _a9780736429726 | ||
| 050 |
_aFIC _bWre944 2012 |
||
| 245 | _aWreck -it Ralph. | ||
| 260 |
_aNew York : _bA Golden Book, _cc2012. |
||
| 300 | _a23 | ||
| 440 | _aWreck -it Ralph | ||
| 650 |
_aMisbehavior- _xfiction |
||
| 700 | _aadapted by Victoria Saxon | ||
| 999 |
_c115295 _d115295 |
||